Normal view
MARC view
Entry Personal Name
001 - CONTROL NUMBER
- control field: 1239521
003 - CONTROL NUMBER IDENTIFIER
- control field: OSt
005 - DATE AND TIME OF LATEST TRANSACTION
- control field: 20260514122538.0
008 - FIXED-LENGTH DATA ELEMENTS
- fixed length control field: 260514|| aca||aabn | a|a d
040 ## - CATALOGING SOURCE
- Original cataloging agency: OSt
- Transcribing agency: OSt
100 ## - HEADING--PERSONAL NAME
- Personal name: Dr.J.C.Passey
670 ## - SOURCE DATA FOUND
- Source citation: Work cat.: (OSt)1851481: Saxena Dr.Ashima 1239518, Comparative Study Between Preoperative Radiological Assessment and Surgical Findings in Patients With Chronic Suppurative Ottis Media (Attico-Antral Type)
